| 000 | 00402nam a2200157Ia 4500 | ||
|---|---|---|---|
| 008 | 210210b1964 xxu||||| |||| 00| 0 eng d | ||
| 041 | _aeng | ||
| 082 | _a311/33 | ||
| 100 | _aKURTZ (Thomas E) | ||
| 245 | _aBasic statistics | ||
| 260 |
_aNew Delhi _bPrentice-Hall of India Private Limited _c1964 |
||
| 650 | _astatistics | ||
| 650 | _aBasic | ||
| 690 | _aMathematical Statistics | ||
| 906 | _a001739 | ||
| 999 |
_c116652 _d116652 |
||